Quizzes
Events
Quiz Creation
Community
Videos
Private Events
Remove Ads
Sign In
Join for FREE
Feedback
Dark Mode
Quiz Categories
Sports
Geography
Music
Movies
Television
Just For Fun
Miscellaneous
History
Literature
Language
Science
Gaming
Entertainment
Religion
Holiday
For Kids
Quiz Lab
Recent
Popular Today
Quiz Kudos Today
Editor Picks
Curator Picks
Quizzes by...
Day
Popularity
Type
Ratings
Length
Year
Community
Subscriptions
Recent Discussions
Orange Saloon
Badges
Playlists
Quests
Create
Leaderboards
Showdown
Live 5
Trivia Bingo
Activity
Puzzle Library
Sporcle Events
Private Events
Virtual Trivia
Globe League
Become a Host
Pub Owners
SporcleCon
Opinionation
Our Games
Videos
Blog
Mobile Apps
Partnerships
Remove Ads and Go Orange
Feedback
Music
Pop Music
The Beatles
Song
Album
Lyrics
Bands
Singers
Artist
Clip
Rock
Rap
Classical
Billboard
Country Music
Kpop
Taylor Swift
Music
Pop Music
The Beatles
Song
Album
Lyrics
Bands
Singers
Artist
Clip
Rock
Rap
Classical
Billboard
Country Music
Kpop
Taylor Swift
Random Quiz
Search Sporcle
×
Quiz Lab
Quiz Lab
Music
Hamilton
Type in answers that appear in a list
Type in answers that appear in a list
Classic
Best Score? Go Orange.
Guess the Hamilton Lyrics X Stats
Can you guess the lyrics from Hamilton?
By
Ferre
11m
296 Questions
1,597 Plays
1,597 Plays
1,597 Plays
Comments
Comments
Give Quiz Kudos
Give Quiz Kudos
-
- Ratings
hide this ad
Replay
Link that replays current quiz
Next Quiz
Link to next quiz in quiz playlist
You Got
0%
They Got
Avg Score
70%
Avg Friend Score
Upgrade to see
Score Distribution
Jump to the score distribution portion of the page
Score
0/296
Timer
11:00
0
Plays Today
Lyrics
% Correct
and
97.4%
a
97.4%
And
97.4%
the
97.4%
the
97.4%
And
97.4%
The
97.4%
the
97.4%
And
97.4%
I
94.8%
I
94.8%
I
94.8%
I
94.8%
I
94.8%
I
94.8%
'I
94.8%
'I
94.8%
I
94.8%
'I
94.8%
'I
94.8%
I
94.8%
I
94.8%
I
94.8%
I
94.8%
'I
94.8%
I
94.8%
you
88.8%
you
88.8%
you
88.8%
you.
88.8%
you
88.8%
you
88.8%
you
88.8%
You
88.8%
you
88.8%
'He
82.5%
he
82.5%
he
82.5%
He
82.5%
He
82.5%
no
82.3%
me
81.8%
me
81.8%
me
81.8%
your
81.6%
your
81.6%
your
81.6%
your
81.6%
your
81.6%
your
81.6%
your
81.6%
your
81.6%
your
81.6%
to
81%
to
81%
to
81%
to
81%
do
80.2%
do
80.2%
what
79.9%
what
79.9%
what
79.9%
was
79.6%
was
79.6%
of
79.6%
of
79.6%
of
79.6%
of
79.6%
of
79.6%
of
79.6%
who
79.2%
who
79.2%
who
79.2%
Who
79.2%
who
79.2%
who
79.2%
Who
79.2%
who
79.2%
who
79.2%
who
79.2%
Who
79.2%
Who
79.2%
who
79.2%
tell
78.9%
tell
78.9%
tell
78.9%
when
78.1%
when
78.1%
When
78.1%
when
78.1%
story?
77.9%
story?
77.9%
story?
77.9%
story
77.9%
story?
77.9%
story.'
77.9%
story.
77.9%
story.'
77.9%
story?'
77.9%
Lyrics
% Correct
my
77.8%
my
77.8%
have
77.1%
have
77.1%
have
77.1%
dies,
77%
dies,
77%
dies,
77%
tells
76.9%
is
76.9%
tells
76.9%
tells
76.9%
tells
76.9%
live
76.9%
tells
76.9%
is
76.9%
tells
76.9%
is
76.9%
lives,
76.9%
lives,
76.9%
lives,
76.9%
Row limit, so it can't be finished :-(
76.9%
it
76.7%
it,
76.7%
in
75.7%
in
75.7%
in
75.7%
in
75.7%
on
75.6%
on
75.6%
on
75.6%
Let
75%
so
74.3%
if
74%
if
74%
if
74%
young
73.9%
we
73.9%
Eliza...
73.8%
Eliza...
73.8%
Eliza...
73.8%
'She
73.5%
She
73.5%
she
73.5%
'She
73.5%
control:
72.6%
glory,
72.1%
His
72.1%
His
72.1%
time
71.8%
time.
71.8%
time.
71.8%
time?
71.8%
time.
71.8%
time.
71.8%
time
71.8%
wish
71.7%
I'd
71.3%
known
70.8%
for
70.8%
for
70.8%
our
70.3%
our
70.3%
our
70.3%
enough
70.1%
enough.'
70.1%
enough?
70.1%
dreamed
69.9%
you're
69.7%
you're
69.7%
they
69.2%
not
69.1%
not
69.1%
could
68.6%
Angelica.
68.3%
her
66.5%
Will
65.8%
Every
65.5%
Every
65.5%
every
65.5%
had
65.5%
had
65.5%
out
65.4%
out
65.4%
It's
65.3%
get
65%
him
64.6%
give
64.5%
tried.
64.4%
tried.'
64.4%
us.'
64.2%
back
64.2%
Jefferson:
64.1%
more
64.1%
more
64.1%
more,
64.1%
this.
64%
write
63.8%
fifty
63.3%
Lyrics
% Correct
myself
63.2%
myself
63.2%
done
63.2%
done
63.2%
years.
63.1%
by
62.6%
like
62.6%
couldn't
62.5%
told.
62.5%
another
62.5%
Washington
62.4%
running
62.3%
work
62.2%
all
62.1%
side.'
62.1%
put
62%
narrative.'
62%
gave
61.6%
would
61.3%
but
61.3%
But
61.3%
father
61.1%
right
61.1%
up,
60.9%
Madison:
60.6%
fought
60.5%
credit
60.2%
credit
60.2%
I'm
60.1%
'I'll
60%
financial
59.9%
soldier
59.9%
other
59.8%
other
59.8%
founding
59.7%
founding
59.7%
grow
59.7%
old.
59.7%
genius.
59.3%
interview
59.2%
gets
59.1%
gets
59.1%
President
58.9%
President
58.9%
buried
58.4%
really
57.9%
much
57.9%
near
57.9%
needed
57.6%
Church
57.4%
undo
57.3%
only
57.3%
doesn't
57%
father's
56.9%
most,
56.4%
Trinity
56.3%
gone,
56.2%
Monument.'
55.5%
rely
55.4%
raise
55.2%
ask
55.2%
from
54.9%
tears,
54.7%
stop
54.5%
she's
54.3%
alive,
54.2%
name?
54%
always
53.9%
system
53.8%
wasting
53.7%
wanted.
53.5%
gives
53.2%
gives
53.2%
funds
52.8%
thousands
52.7%
country
52.5%
pages
52.4%
While
51.8%
try
51.6%
Lord
51.5%
D.C.
51.5%
hate
51.2%
admit
51%
keeps
51%
make
50.8%
writings,
50.2%
sense
50.1%
remembers
49.9%
slavery.
49.2%
prosperity.
48.8%
flame?
48.7%
against
48.2%
took
48%
speak
47.9%
kindness,
47.3%
through.
45%
still
44.8%
bankruptcy
43.1%
Quiz Playlist
Details
Report
Send in Message
Add To Playlist
Classic:
Type in answers that appear in a list
Last Updated: Sep 14, 2017
Quiz Scoreboard
CHALLENGE
Sign Up to Join the Scoreboard
Show All
Scores
Hide
Comments
May contain spoilers
Recently Published
Popular People in 1961
by mucciniale
History
6m
1-10 Letter E Words III
by El_Dandy
Language
2m
One Thing in Common: World Cities II
by knightlancer
Geography
7m
More to Explore
Quiz From the Vault
Featured Blog Post
Where Did the Easter Bunny Come From?
hide this ad
You Might Also Like...
Tags
Hamilton
Today's Top Quizzes in Music
Browse Music
hide this ad
Today's Top Quizzes in Hamilton
Browse Hamilton
Top Contributed Quizzes in Music
1
Taylor Swift All Songs (2024)
2
Taylor Swift Logic Puzzle
3
2010s Album by Cover III
4
Guess the Taylor Swift song (Mystery Song)
5
One Thing in Common: Music
6
Guess the Artist- 70s Songs
7
2010s Album by Cover IV
8
2010s Album by Cover V
9
Get the Picture: Carrie or Dolly
10
Lana Del Rey Discography (BTD to DYKTTATUOB)
Explore More
Trending Topics
Kpop
Crossword
Anime
Marvel
Disney
Harry Potter
NBA
NFL
The Office
Country
Song
Pokémon
Puzzle
WWE
Soccer
hide this ad
More By:
Ferre
Quiz
Plays
Rating
Category
Featured
Created
Guess the Hamilton Lyrics
2,372
5.00
Music
Apr 9, 2016
Guess the Hamilton Lyrics IV
2,277
4.70
Music
May 8, 2016
Guess the Hamilton Lyrics VI
1,616
5.00
Music
May 12, 2016
Guess the Hamilton Lyrics X
1,597
4.67
Music
Jun 8, 2016
Guess the Hamilton Lyrics II
1,571
4.83
Music
Apr 20, 2016
Go to Creator's Profile
Score Distribution
Quiz Creator Spotlight
Ferre
Follow
Send a Message
Quizzes Created
-
Created Quiz Play Count
-
More By This Creator
Popular Quizzes Today
1
Find the US States - No Outlines Minefield
2
The Countries of the World
3
Popular People in 1961
4
Find the Countries of Europe - No Outlines Minefield
5
1-10 Letter E Words III
6
Find the US States
7
One Thing in Common: World Cities II
8
US States
More Music Quizzes
Words in Beatles Titles
Published
Trending Quizzes
1-10 Letter F Words
One Thing in Common: Music
1-10 Letter G Words
Risky Map Clicking: Next State Alphabetically
1-10 Letter F Words II
Recently Updated
Leaping Animals
pecheneg
Reality TV Shows (A-Z)
bhenderson79
Rickey Henderson's Hall of Fame Teammates
pecheneg
Champions League XIs: Arsenal
pecheneg
Quick Pick: Celebrities in WWE's Hall of Fame
aduchscher
A-Z Keypad Blitz II
pecheneg
Multiple Oscar Actors
pecheneg
Mystery Phrase Blitz: Oscar 'Best Actors'
pecheneg
F. Scott Fitzgerald Novels
LTH
Pick 3 Villains
ddd62291
Trending Topics
Anime
NBA
Harry Potter
Crossword
Kpop
Disney
Marvel
Song
The Office
NFL
WWE
Pokémon
Puzzle
Soccer
Country
Your Account Isn't Verified!
In order to create a playlist on Sporcle, you need to verify the email address you used during registration. Go to your
Sporcle Settings
to finish the process.
Report this User
Report this user for behavior that violates our
Community Guidelines
.
Details:
Send Report
Go to the Sporcle.com Mobile Site →
Comments